Principles of Programming Languages (Record no. 60624)
[ view plain ]
| 000 -LEADER | |
|---|---|
| fixed length control field | 00455nam a22001817a 4500 |
| 005 - DATE & TIME | |
| control field | 20260416115257.0 |
| 008 - FIXED-LENGTH DATA ELEMENTS--GENERAL INFORMATION | |
| fixed length control field | 260416b |||||||| |||| 00| 0 eng d |
| 020 ## - ISBN | |
| International Standard Book Number | 9788190707718 |
| Price | 495.00 |
| 040 ## - CATALOGING SOURCE | |
| Original cataloging agency | Doon University |
| 041 ## - Language | |
| Language | English |
| 082 ## - DDC NUMBER | |
| Classification number | 005.13 |
| Book Number | TIW |
| 100 ## - MAIN ENTRY--PERSONAL NAME | |
| Personal name | Tiwari, U.K. |
| 245 ## - TITLE STATEMENT | |
| Title | Principles of Programming Languages |
| 260 ## - PUBLICATION, DISTRIBUTION, ETC. (IMPRINT) | |
| Place of publication, distribution, etc | Delhi |
| Name of publisher, distributor, etc | A.B. Publishers |
| Date of publication, distribution, etc | 2025 |
| 300 ## - PHYSICAL DESCRIPTION | |
| Pages | 316 |
| 650 ## - Subject | |
| Subject | Computer Science |
| 942 ## - ADDED ENTRY ELEMENTS (KOHA) | |
| Koha item type | Books |
| 100 ## - MAIN ENTRY--PERSONAL NAME | |
| -- | 26620 |
| 952 ## - LOCATION AND ITEM INFORMATION (KOHA) | |
| -- | 2026-04-16 |
| 952 ## - LOCATION AND ITEM INFORMATION (KOHA) | |
| -- | 2026-04-16 |
| 952 ## - LOCATION AND ITEM INFORMATION (KOHA) | |
| -- | 2026-04-16 |
| 952 ## - LOCATION AND ITEM INFORMATION (KOHA) | |
| -- | 2026-04-16 |
| 952 ## - LOCATION AND ITEM INFORMATION (KOHA) | |
| -- | 2026-04-16 |
| 952 ## - LOCATION AND ITEM INFORMATION (KOHA) | |
| -- | 2026-04-16 |
| 952 ## - LOCATION AND ITEM INFORMATION (KOHA) | |
| -- | 2026-04-16 |
| 952 ## - LOCATION AND ITEM INFORMATION (KOHA) | |
| -- | 2026-04-16 |
| 952 ## - LOCATION AND ITEM INFORMATION (KOHA) | |
| -- | 2026-04-16 |
| 952 ## - LOCATION AND ITEM INFORMATION (KOHA) | |
| -- | 2026-04-16 |
| Withdrawn status | Lost status | Source of classification or shelving scheme | Damaged status | Not for loan | Location (home branch) | Sublocation or collection (holding branch) | Date acquired | Koha full call number | Accession No. | Koha date last seen | Koha item type | Koha issues (times borrowed) |
|---|---|---|---|---|---|---|---|---|---|---|---|---|
| Not For Loan | Doon University | Doon University | 16.04.2026 | 005.13 TIW | 53912 | 16.04.2026 | Reference | |||||
| Doon University | Doon University | 16.04.2026 | 005.13 TIW | 53913 | 16.04.2026 | Books | ||||||
| Doon University | Doon University | 16.04.2026 | 005.13 TIW | 53914 | 16.04.2026 | Books | ||||||
| Doon University | Doon University | 16.04.2026 | 005.13 TIW | 53915 | 16.04.2026 | Books | ||||||
| Doon University | Doon University | 16.04.2026 | 005.13 TIW | 53916 | 16.04.2026 | Books | ||||||
| Doon University | Doon University | 16.04.2026 | 005.13 TIW | 53917 | 16.04.2026 | Books | ||||||
| Doon University | Doon University | 16.04.2026 | 005.13 TIW | 53918 | 16.04.2026 | Books | ||||||
| Doon University | Doon University | 16.04.2026 | 005.13 TIW | 53919 | 16.04.2026 | Books | ||||||
| Doon University | Doon University | 16.04.2026 | 005.13 TIW | 53920 | 16.04.2026 | Books | ||||||
| Doon University | Doon University | 16.04.2026 | 005.13 TIW | 53921 | 16.04.2026 | Books |